| 000 | 01383nam a2200337 i 4500 | ||
|---|---|---|---|
| 001 | 198143 | ||
| 003 | ES-MaACL | ||
| 005 | 20260623125608.0 | ||
| 008 | 260303s2021 sp a|||| |||| 001 0 spa | ||
| 017 |
_aM 25836-2021 _bOficina Depósito Legal Madrid |
||
| 020 | _a978-84-17241-99-5 | ||
| 040 |
_aES-MaACL _bspa _cES-MaACL _erda |
||
| 080 | _a94(460)"1936/39"(093.3) | ||
| 100 | 1 |
_aBallano Gonzalo, Fernando _d1956- _4aut _9242888 _eaut |
|
| 245 | 1 | 0 |
_aTierra de nadie : _botra manera de contar la Guerra Civil / _cFernando Ballano Gonzalo ; prólogo de Juan Eslava Galán |
| 250 | _aSegunda edición: noviembre de 2021 | ||
| 264 | 1 |
_aMadrid _bArzalia Ediciones, _c2021 |
|
| 264 | 4 | _c©2021 | |
| 300 |
_a486 páginas, XXXII páginas de láminas : _bilustraciones (blanco y negro) ; _c23 cm |
||
| 336 |
_aTexto _2rdacontent |
||
| 337 |
_asin mediación _2rdamedia |
||
| 338 |
_avolumen _2rdacarrier |
||
| 504 | _aBibliografía: páginas 449-465. Índice | ||
| 651 | 4 |
_aEspaña _xHistoria _y1936-1939 (Guerra civil) _vRelatos personales _9243146 |
|
| 852 |
_aES-MaACL _cDEPO1 _jA-16031 _hDonación: José Lázaro García _xEncuadernación rústica con solapas |
||
| 942 |
_cMONOGRAFIA _n0 |
||
| 956 | _a2 | ||
| 999 |
_c198143 _d198143 |
||